[Event "USCF 2000 Absolute-ch corr"]
[Site "USA"]
[Date "2001.??.??"]
[Round "?"]
[White "Boerkoel, Antonie"]
[Black "Brandhorst, Wesley Ted"]
[Result "1/2-1/2"]
[WhiteElo "2313"]
[BlackElo "2399"]
[PlyCount "40"]
[EventDate "2001.??.??"]
[EventType "tourn (corr)"]
[EventRounds "12"]
[EventCountry "USA"]
[SourceTitle "Corr 2006"]
[Source "ChessBase"]
[SourceDate "2006.04.01"]
[SourceVersion "3"]
[SourceVersionDate "2006.04.01"]
[SourceQuality "1"]

1. d4 d5 2. Nf3 Nf6 3. c4 c6 4. Nc3 e6 5. Bg5 h6 6. Bh4 dxc4 7. e4 g5 8. Bg3 b5 9. Be2 Bb7 10. h4 Rg8 11. hxg5 hxg5 12. e5 Nd5 13. Nd2 Nd7 14. Rh7 Nxc3 15. bxc3 c5 16. Rb1 Qc7 17. Rxb5 cxd4 18. Bh5 Rg7 19. Bxf7+ Rxf7 20. Rxf7 Kxf7 1/2-1/2

[Event "USCF 2000 Absolute-ch corr"]
[Site "USA"]
[Date "2001.??.??"]
[Round "?"]
[White "Boerkoel, Antonie"]
[Black "Schakel, Corky"]
[Result "0-1"]
[WhiteElo "2313"]
[BlackElo "2429"]
[PlyCount "60"]
[EventDate "2001.??.??"]
[EventType "tourn (corr)"]
[EventRounds "12"]
[EventCountry "USA"]
[SourceTitle "Corr 2006"]
[Source "ChessBase"]
[SourceDate "2006.04.01"]
[SourceVersion "3"]
[SourceVersionDate "2006.04.01"]
[SourceQuality "1"]

1. d4 f5 2. g3 Nf6 3. Bg2 e6 4. c4 Be7 5. Nf3 0-0 6. 0-0 d5 7. Nbd2 b6 8. b3 Bb7 9. Bb2 c5 10. Rc1 Nc6 11. e3 Rc8 12. Qe2 Ne4 13. Rfd1 Qe8 14. cxd5 exd5 15. dxc5 bxc5 16. a3 Qf7 17. Ne5 Nxe5 18. Bxe5 Bf6 19. Nf3 g5 20. Qb2 g4 21. Ne1 Bg5 22. Nd3 d4 23. Bf4 Bf6 24. Be5 Nc3 25. Re1 Bxg2 26. Kxg2 Qd5+ 27. Kg1 Bxe5 28. Nxe5 Ne4 29. f4 gxf3 30. Nxf3 d3 0-1